[Event "Dutch Internet Championship Final"]
[Site "playchess.com #038132"]
[Date "2011.06.18"]
[Round "4.9"]
[White "Jan Smeets"]
[Black "kingloek"]
[Result "0-1"]
[WhiteElo "2838"]
[BlackElo "2842"]
[PlyCount "76"]
[EventDate "2011.06.18"]
[EventType "match (blitz)"]
[TimeControl "180+3"]

1. Nf3 {[%emt 0:00:03]} d5 {[%emt 0:00:02]} 2. g3 {[%emt 0:00:01]} Nf6 {[%emt
0:00:01]} 3. Bg2 {[%emt 0:00:00]} Bf5 {[%emt 0:00:01]} 4. d3 {[%emt 0:00:03]}
e6 {[%emt 0:00:01]} 5. Nbd2 {[%emt 0:00:01]} h6 {[%emt 0:00:02]} 6. O-O {[%emt
0:00:01]} Be7 {[%emt 0:00:03]} 7. Qe1 {[%emt 0:00:03]} Bh7 {[%emt 0:00:02]} 8.
e4 {[%emt 0:00:01]} O-O {[%emt 0:00:01]} 9. Qe2 {[%emt 0:00:05]} c5 {[%emt 0:
00:01]} 10. e5 {[%emt 0:00:02]} Nfd7 {[%emt 0:00:02]} 11. Re1 {[%emt 0:00:01]}
Nc6 {[%emt 0:00:02]} 12. Nf1 {[%emt 0:00:06]} b5 {[%emt 0:00:02]} 13. h4 {
[%emt 0:00:01]} Rc8 {[%emt 0:00:06]} 14. a3 {[%emt 0:00:09]} Qc7 {[%emt 0:00:
06]} 15. N1h2 {[%emt 0:00:05]} a5 {[%emt 0:00:14]} 16. h5 {[%emt 0:00:10]} b4 {
[%emt 0:00:06]} 17. axb4 {[%emt 0:00:12]} axb4 {[%emt 0:00:04]} 18. Ng4 {[%emt
0:00:02]} Nd4 {[%emt 0:00:09]} 19. Qd1 {[%emt 0:00:26]} Kh8 {[%emt 0:00:22]}
20. Bf4 {[%emt 0:00:11]} b3 {[%emt 0:00:14]} 21. cxb3 {[%emt 0:00:16]} Qb6 {
[%emt 0:00:18]} 22. Nxd4 {[%emt 0:00:49]} cxd4 {[%emt 0:00:02]} 23. Bf1 {[%emt
0:00:05]} Nc5 {[%emt 0:00:11]} 24. b4 {[%emt 0:00:15]} Na6 {[%emt 0:00:18]} 25.
b5 {[%emt 0:00:13]} Qxb5 {[%emt 0:00:22]} 26. Qf3 {[%emt 0:00:27]} Bf5 {[%emt
0:00:37] '} 27. Kg2 {[%emt 0:00:25]} Rc2 {[%emt 0:00:07]} 28. Rec1 {[%emt 0:00:
04]} Rxc1 {[%emt 0:00:10]} 29. Bxc1 {[%emt 0:00:05]} Rc8 {[%emt 0:00:02]} 30.
Bxh6 {[%emt 0:00:02]} Bxg4 {[%emt 0:00:09]} 31. Qxf7 {[%emt 0:00:01]} Bf8 {
[%emt 0:00:11]} 32. Bg5 {[%emt 0:00:02]} Nc5 {[%emt 0:00:08]} 33. h6 {[%emt 0:
00:03]} Qe8 {[%emt 0:00:02]} 34. hxg7+ {[%emt 0:00:05]} Bxg7 {[%emt 0:00:01]}
35. Qf4 {[%emt 0:00:01]} Qh5 {[%emt 0:00:01]} 36. f3 {[%emt 0:00:01]} Qh3+ {
[%emt 0:00:03]} 37. Kf2 {[%emt 0:00:02]} Qh2+ {[%emt 0:00:02]} 38. Bg2 {[%emt
0:00:01]} Nxd3+ {[%emt 0:00:02] Jan Smeets resigns  (Lag: Av=0.56s, max=1.9s)}
0-1

[Event "Dutch Internet Championship Final"]
[Site "playchess.com #038132"]
[Date "2011.06.18"]
[Round "4.10"]
[White "kingloek"]
[Black "Jan Smeets"]
[Result "1/2-1/2"]
[WhiteElo "2859"]
[BlackElo "2821"]
[PlyCount "140"]
[EventDate "2011.06.18"]
[EventType "match (blitz)"]
[TimeControl "180+3"]

1. d4 {[%emt 0:00:01]} d5 {[%emt 0:00:01]} 2. c4 {[%emt 0:00:01]} c5 {[%emt 0:
00:00]} 3. dxc5 {[%emt 0:00:05]} d4 {[%emt 0:00:04]} 4. Nf3 {[%emt 0:00:05]}
Nc6 {[%emt 0:00:03]} 5. e3 {[%emt 0:00:01]} e5 {[%emt 0:00:02]} 6. exd4 {[%emt
0:00:02]} exd4 {[%emt 0:00:01]} 7. Bd3 {[%emt 0:00:06]} Bxc5 {[%emt 0:00:03]}
8. O-O {[%emt 0:00:01]} Nf6 {[%emt 0:00:02]} 9. Re1+ {[%emt 0:00:02]} Be7 {
[%emt 0:00:04]} 10. Bf4 {[%emt 0:00:06]} O-O {[%emt 0:00:03]} 11. a3 {[%emt 0:
00:03]} a5 {[%emt 0:00:02]} 12. Nbd2 {[%emt 0:00:01]} Bg4 {[%emt 0:00:08]} 13.
Qb3 {[%emt 0:00:09]} Qd7 {[%emt 0:00:20]} 14. h3 {[%emt 0:00:16]} Bh5 {[%emt 0:
00:08]} 15. Qb5 {[%emt 0:00:01]} Bg6 {[%emt 0:00:20]} 16. Bxg6 {[%emt 0:00:04]}
hxg6 {[%emt 0:00:00]} 17. Rad1 {[%emt 0:00:18]} a4 {[%emt 0:00:05]} 18. Ne5 {
[%emt 0:00:13]} Nxe5 {[%emt 0:00:09]} 19. Bxe5 {[%emt 0:00:18]} Rfd8 {[%emt 0:
00:12]} 20. Nf3 {[%emt 0:00:31]} d3 {[%emt 0:00:14]} 21. Re3 {[%emt 0:00:10]}
Qxb5 {[%emt 0:00:11]} 22. cxb5 {[%emt 0:00:02]} Rd5 {[%emt 0:00:01]} 23. b6 {
[%emt 0:00:23]} Bc5 {[%emt 0:00:10]} 24. Rexd3 {[%emt 0:00:03]} Rxd3 {[%emt 0:
00:00]} 25. Rxd3 {[%emt 0:00:01]} Bxb6 {[%emt 0:00:00]} 26. Bxf6 {[%emt 0:00:
20]} gxf6 {[%emt 0:00:01]} 27. Rd7 {[%emt 0:00:01]} Rc8 {[%emt 0:00:01]} 28.
Rxb7 {[%emt 0:00:09]} Rc1+ {[%emt 0:00:01]} 29. Kh2 {[%emt 0:00:01]} Bxf2 {
[%emt 0:00:00]} 30. Rb4 {[%emt 0:00:21]} Bc5 {[%emt 0:00:09]} 31. Rxa4 {[%emt
0:00:02]} Bd6+ {[%emt 0:00:02]} 32. g3 {[%emt 0:00:01]} Rc2+ {[%emt 0:00:02]}
33. Kg1 {[%emt 0:00:02]} Rxb2 {[%emt 0:00:10]} 34. g4 {[%emt 0:00:05]} Rb3 {
[%emt 0:00:04]} 35. Kg2 {[%emt 0:00:04]} Bxa3 {[%emt 0:00:01]} 36. Rd4 {[%emt
0:00:05]} Bc5 {[%emt 0:00:06]} 37. Rd2 {[%emt 0:00:01]} Kg7 {[%emt 0:00:02]}
38. Rc2 {[%emt 0:00:01]} Be3 {[%emt 0:00:01]} 39. Re2 {[%emt 0:00:01]} Bf4 {
[%emt 0:00:01]} 40. Rc2 {[%emt 0:00:03]} Kf8 {[%emt 0:00:01]} 41. Re2 {[%emt 0:
00:02]} Rc3 {[%emt 0:00:08]} 42. Kf2 {[%emt 0:00:06]} Rc5 {[%emt 0:00:05]} 43.
Re4 {[%emt 0:00:02]} Bc7 {[%emt 0:00:02]} 44. Re2 {[%emt 0:00:05]} f5 {[%emt 0:
00:05]} 45. gxf5 {[%emt 0:00:01]} Rxf5 {[%emt 0:00:01]} 46. Kg2 {[%emt 0:00:01]
} Rc5 {[%emt 0:00:01]} 47. Kf2 {[%emt 0:00:05]} Kg7 {[%emt 0:00:00]} 48. Kg2 {
[%emt 0:00:01]} Rc3 {[%emt 0:00:01]} 49. Ra2 {[%emt 0:00:08]} Kf6 {[%emt 0:00:
07]} 50. Kf2 {[%emt 0:00:02]} Kf5 {[%emt 0:00:06]} 51. Rb2 {[%emt 0:00:04]} Bd6
{[%emt 0:00:07]} 52. Kg2 {[%emt 0:00:10]} Kf4 {[%emt 0:00:05]} 53. Ng1 {[%emt
0:00:05]} Rg3+ {[%emt 0:00:09]} 54. Kh1 {[%emt 0:00:04]} Ra3 {[%emt 0:00:15]}
55. Rf2+ {[%emt 0:00:12]} Kg3 {[%emt 0:00:03]} 56. Rxf7 {[%emt 0:00:02]} Bc5 {
[%emt 0:00:07]} 57. Rf6 {[%emt 0:00:13]} g5 {[%emt 0:00:08]} 58. Rf5 {[%emt 0:
00:01]} Be7 {[%emt 0:00:25] '} 59. Rf1 {[%emt 0:00:03]} Rd3 {[%emt 0:00:10]}
60. Rf5 {[%emt 0:00:06]} Bd8 {[%emt 0:00:02]} 61. Re5 {[%emt 0:00:06]} Rd1 {
[%emt 0:00:15]} 62. Re2 {[%emt 0:00:01]} Bb6 {[%emt 0:00:05]} 63. Rg2+ {[%emt
0:00:01]} Kh4 {[%emt 0:00:15]} 64. Rg4+ {[%emt 0:00:01]} Kh5 {[%emt 0:00:01]}
65. Kh2 {[%emt 0:00:01]} Rd2+ {[%emt 0:00:08]} 66. Kh1 {[%emt 0:00:01]} Rf2 {
[%emt 0:00:04]} 67. Rg2 {[%emt 0:00:04]} Rxg2 {[%emt 0:00:08]} 68. Kxg2 {[%emt
0:00:01]} Bxg1 {[%emt 0:00:00]} 69. Kxg1 {[%emt 0:00:01]} g4 {[%emt 0:00:00]}
70. hxg4+ {[%emt 0:00:01]} Kxg4 {[%emt 0:00:01] (Lag: Av=0.97s, max=8.5s)}
1/2-1/2

[Event "Dutch Internet Championship Final"]
[Site "playchess.com #038132"]
[Date "2011.06.18"]
[Round "4.11"]
[White "Jan Smeets"]
[Black "kingloek"]
[Result "0-1"]
[WhiteElo "2823"]
[BlackElo "2857"]
[PlyCount "104"]
[EventDate "2011.06.18"]
[EventType "match (blitz)"]
[TimeControl "180+3"]

1. e4 {[%emt 0:00:01]} c5 {[%emt 0:00:02]} 2. Nf3 {[%emt 0:00:01]} d6 {[%emt 0:
00:01]} 3. d4 {[%emt 0:00:02]} cxd4 {[%emt 0:00:01]} 4. Nxd4 {[%emt 0:00:00]}
Nf6 {[%emt 0:00:01]} 5. Nc3 {[%emt 0:00:00]} a6 {[%emt 0:00:01]} 6. Be3 {[%emt
0:00:01]} e5 {[%emt 0:00:02]} 7. Nf3 {[%emt 0:00:01]} Be7 {[%emt 0:00:01]} 8.
Bc4 {[%emt 0:00:04]} O-O {[%emt 0:00:01]} 9. O-O {[%emt 0:00:03]} Nc6 {[%emt 0:
00:02]} 10. Qe2 {[%emt 0:00:40]} b5 {[%emt 0:00:24]} 11. Bb3 {[%emt 0:00:12]}
Be6 {[%emt 0:00:33]} 12. Bg5 {[%emt 0:00:18]} Nd7 {[%emt 0:00:21]} 13. Bxe7 {
[%emt 0:00:02]} Qxe7 {[%emt 0:00:02]} 14. Nd5 {[%emt 0:00:04]} Qd8 {[%emt 0:00:
01]} 15. Rad1 {[%emt 0:00:11]} Na5 {[%emt 0:00:05]} 16. Rd2 {[%emt 0:00:39]}
Nxb3 {[%emt 0:00:23]} 17. cxb3 {[%emt 0:00:07]} Bxd5 {[%emt 0:00:03]} 18. Rxd5
{[%emt 0:00:05]} Nf6 {[%emt 0:00:01]} 19. Rd3 {[%emt 0:00:14]} Qc7 {[%emt 0:00:
16]} 20. Nh4 {[%emt 0:00:25]} g6 {[%emt 0:00:08]} 21. f4 {[%emt 0:00:02]} Qc6 {
[%emt 0:00:15]} 22. Re3 {[%emt 0:00:37]} Qc5 {[%emt 0:00:43] '} 23. fxe5 {
[%emt 0:00:12]} Ng4 {[%emt 0:00:07]} 24. Rff3 {[%emt 0:00:07]} dxe5 {[%emt 0:
00:06]} 25. h3 {[%emt 0:00:03]} Nxe3 {[%emt 0:00:01]} 26. Rxe3 {[%emt 0:00:00]}
Rad8 {[%emt 0:00:02]} 27. Kh2 {[%emt 0:00:01]} Qc1 {[%emt 0:00:07]} 28. Qf3 {
[%emt 0:00:07]} Rd1 {[%emt 0:00:04]} 29. Kg3 {[%emt 0:00:04]} Rf1 {[%emt 0:00:
03]} 30. Qe2 {[%emt 0:00:01]} Rd8 {[%emt 0:00:03]} 31. Nf3 {[%emt 0:00:01]}
Rfd1 {[%emt 0:00:06]} 32. Qf2 {[%emt 0:00:06]} f6 {[%emt 0:00:09]} 33. Kh2 {
[%emt 0:00:02]} Kg7 {[%emt 0:00:02]} 34. b4 {[%emt 0:00:01]} R8d7 {[%emt 0:00:
02]} 35. a3 {[%emt 0:00:01]} Rh1+ {[%emt 0:00:07]} 36. Kg3 {[%emt 0:00:00]}
Rhd1 {[%emt 0:00:01]} 37. Kh2 {[%emt 0:00:01]} R1d3 {[%emt 0:00:03]} 38. Re2 {
[%emt 0:00:02]} Qf4+ {[%emt 0:00:02]} 39. Kg1 {[%emt 0:00:03]} Rd1+ {[%emt 0:
00:01]} 40. Ne1 {[%emt 0:00:01]} Qxf2+ {[%emt 0:00:02]} 41. Kxf2 {[%emt 0:00:
00]} R7d2 {[%emt 0:00:01]} 42. Ke3 {[%emt 0:00:01]} Rxe2+ {[%emt 0:00:02]} 43.
Kxe2 {[%emt 0:00:00]} Rd4 {[%emt 0:00:01]} 44. Ke3 {[%emt 0:00:01]} f5 {[%emt
0:00:02]} 45. exf5 {[%emt 0:00:00]} gxf5 {[%emt 0:00:01]} 46. Nd3 {[%emt 0:00:
00]} Kf6 {[%emt 0:00:08]} 47. Nc5 {[%emt 0:00:00]} Rd6 {[%emt 0:00:01]} 48. g4
{[%emt 0:00:03]} h6 {[%emt 0:00:09]} 49. b3 {[%emt 0:00:03]} f4+ {[%emt 0:00:
07]} 50. Ke4 {[%emt 0:00:07]} Rd4+ {[%emt 0:00:02]} 51. Kf3 {[%emt 0:00:01]}
Rd1 {[%emt 0:00:01]} 52. Nxa6 {[%emt 0:00:08]} Rd3+ {[%emt 0:00:02] Jan Smeets
resigns  (Lag: Av=0.76s, max=8.0s)} 0-1